| 000 | 01020nam a2200253Ia 4500 | ||
|---|---|---|---|
| 003 | OSt | ||
| 005 | 20220923221530.0 | ||
| 006 | a|||||r|||| 00| 0 | ||
| 007 | ta | ||
| 008 | 220922b |||||||| |||| 00| 0 mar d | ||
| 024 | _a197,926 | ||
| 037 | _cTextual | ||
| 040 |
_aARTS _cARTS _bmar |
||
| 041 |
_2mar _amar |
||
| 082 | _aO1528vL5, 155N0 | ||
| 100 | _aमाहेश्वरी, हीरालाल; सविता जाजोदिया, अनु. | ||
| 245 | 0 | _aराजस्थानी साहित्याचा इतिहास | |
| 246 | _aRājasthānī sāhityāchā itihāsa | ||
| 260 |
_aनयी दिल्ली _b साहित्य अकादमी प्रका0 _c1990 |
||
| 300 |
_a253पृ0 _ccm. |
||
| 650 |
_aराजस्थान इतिहास _9160824 |
||
| 942 |
_hO1528vL5, 155N0 _cTEXL _2CC |
||
| 999 |
_c349796 _d349796 |
||